| 000 -Etiqueta do registo | |
|---|---|
| campo de controlo de comprimento fixo | 00838nam a2200289 4500 |
| 001 - Identificador do registo | |
| Campo de controlo | 75572 |
| 005 - Identificador da versão | |
| Campo de controlo | 20260304151009.0 |
| 010 ## - ISBN | |
| Número (ISBN) | 9789896828806 |
| 021 ## - Nº depósito legal | |
| Código do país | Portugal |
| Número | 472367/20 |
| 100 ## - Dados Gerais de Proc. | |
| Dados gerais de processamento | 20211006d2021 a y0pory50030103ba |
| 101 0# - Língua da publicação | |
| Língua do texto, banda sonora, etc. | Português |
| 102 ## - País de Publicação | |
| País de publicação | Portugal |
| 105 ## - Dados Codif. Livros | |
| Dados codificados dos livros | a z 000yy |
| 106 ## - Atributos Físicos | |
| Dados codificados do material textual | r |
| 200 1# - Título | |
| Título próprio | Os Maias |
| Primeira menção de responsabilidade | adapt., argumento Canizales, José de Freitas |
| Outras menções de responsabilidade | des. Canizales |
| 210 #9 - Publicação, Distribuição | |
| Lugar da edição, distribuição, etc. | [S.l.] |
| Nome do editor, distribuidor, etc. | Levoir, |
| Data da publicação, distribuição, etc. | 2021 |
| 215 ## - Descrição física | |
| Descrição física | 57 p. |
| Outras indicações físicas | il., banda desenhada |
| 225 2# - Colecção | |
| Título próprio da colecção | Clássicos da literatura em banda desenhada |
| Indicação de volume | 11 |
| 675 ## - CDU | |
| Notação | 087.5 |
| Edição | BN |
| Língua da edição | Português |
| 675 ## - CDU | |
| Notação | 741(=1:862)"20" |
| Edição | BN |
| Língua da edição | Português |
| 675 ## - CDU | |
| Notação | 821.134.2(862)-9"20" |
| Edição | BN |
| Língua da edição | Português |
| 700 #0 - Responsabilidade principal | |
| Palavra de ordem | Canizales |
| Koha Internal Code | 54924 |
| 701 #1 - Co-responsabilidade principal | |
| Palavra de ordem | Freitas |
| Outra parte do nome | José de |
| Datas | 1964- |
| Koha Internal Code | 54925 |
| Código de função | Autor |
| 702 #1 - Responsabilidade secundária | |
| Palavra de ordem | Queirós |
| Outra parte do nome | Eça de |
| Datas | 1845-1900 |
| Código de função | Antecedente bibliográfico |
| Koha Internal Code | 37770 |
| 801 #0 - Fonte de origem | |
| País | Portugal |
| Agência | BN |
| Regras de catalogação | RPC |
| 090 ## - Números de controlo do sistema (Koha) | |
| Número biblioitem do Koha (gerado automaticamente) | 75572 |
| 942 ## - Elementos de entrada adicionados (Koha) | |
| Tipo de item no Koha | Monografias |
| Removido (estado) | Perdido (estado) | Data de aquisição | Origem do registo (biblioteca) (codificado) | Código da organização que empresta ou é detentora (biblioteca) | Localização da prateleira | Código de barras | Local | Número de inventário | Cota | Data de empréstimo ou depósito | Tipo de circulação (não pode ser emprestado) | Tipo de item e material |
|---|---|---|---|---|---|---|---|---|---|---|---|---|
| Disponível | Disponível | 2026-02-25 | Biblioteca Municipal Álvaro de Campos | Biblioteca Municipal Álvaro de Campos | Plano Nacional de Leitura – 3.º Ciclo | BMTAV73207 | Sala de Adultos | 73207 | R6 CAN | 2026-03-16 | Normal | Monografias |